Programové vybavenie pre psychologické a sociologické analýzy [seminárny kurz]

Bibliographic Details
Other Authors: Klajbanová, Terézia (ini)
Format: Book
Language:Slovak
PhysicalDescription:143, [1] s. 20 cm
Published: Bratislava Dom techniky ČSVTS 1982
Subjects:

MARC

LEADER 00000cam a2200000 a 4500
001 vtls001090121
003 SK-MaSNL
005 20260302030859.0
008 250313s1982 xo 000 0 slo
015 |a SNBA1983/01 
020 |c (120 výtl.) 
035 |a SNK000032963 
035 |a urn:nbn:sk:snk-amtgj9 
035 |a urn:nbn:sk:snk-am00c2ya 
035 |a 93CEC6C4-083E-4CBE-8144-199C3D983781 
040 |a SNK  |b slo  |c SNK  |e AACR2 
041 0 |a slo 
044 |a xo  |c SK 
080 |a 681.3.06:159.9(082)  |2 1981 
080 |a 681.3.06:303.7(082)  |2 1981 
245 0 0 |a Programové vybavenie pre psychologické a sociologické analýzy  |b [seminárny kurz]  |c [autor kolektív] 
260 |a Bratislava  |b Dom techniky ČSVTS  |c 1982 
300 |a 143, [1] s.  |c 20 cm 
500 |a Lit. 13. Text čes. Čl. aj slov. Pre účastníkov podujatia a pre služobnú potrebu organizáciám. Rozmn. 
650 0 7 |a počítače  |x vybavenie programové  |x analýzy psychologické  |x zborníky  |2 SNK  |9 678032 
650 0 7 |a počítače  |x vybavenie programové  |x analýzy sociologické  |x zborníky  |2 SNK  |9 678033 
700 1 |a Klajbanová, Terézia  |4 ini  |9 278962 
852 |a Slovenská národná knižnica 
958 |a OND 
958 |a NB 
958 |a CZ 
958 |a RM 
999 |c 1049621  |d 1051551 
952 |a SNK  |b SNK  |y PREZ  |7 0  |p 17A1151269  |o snkSD 53929  |i snkKSP 11247/82  |0 0  |1 0  |4 0  |d 1997-03-20  |f 1  |l 0  |r 2004-12-31 00:00:00  |w 2026-02-24 
952 |t P60, <04>, [BOOK], {604}  |a SNK  |b SNK  |y VYP  |7 0  |p 17A0055246  |o snkSD 53929 D1  |i snkD 341/97  |0 0  |1 0  |4 0  |d 1997-03-20  |l 0  |r 2004-12-31 00:00:00  |w 2026-02-24